000 01135nam a2200325 i 4500
001 bg
100 1 _aJARCZYK, Andrzej
_d(1933- )
245 1 0 _aTechnologia żywności :
_bpodręcznik dla technikum.3 /
_cAndrzej Jarczyk.
250 _aWyd. 4.
260 _aWarszawa :
_bWydawnictwa Szkolne i Pedagogiczne,
_c2006.
300 _a215, [1] s. :
_bil. ;
_c24 cm.
500 _aAut. cz. 2: Mieczysław Dłużewski.
504 _aBibliogr. s. [216].
521 _aDo nauczania technologii na poziomie kl. III technikum i szkoły policealnej.
650 9 _aŻywność
_xtechnologia
655 _aPodręczniki dla szkół zawodowych
015 _aPB 14236/2006
020 _a8302079774 (cz. 3)
020 _a9788302079771 (cz. 3)
020 _a8302078972 (całość)
040 _cBPK
041 0 _apol
080 _a664(075.3.053.7)
920 _a83-02-07977-4 (cz. 3)
920 _a978-83-02-07977-1 (cz. 3)
920 _a83-02-07897-2 (całość)
942 _cKS
008 s pl f |000 0 pol
999 _c53012
_d53012
856 _uhttp://koha.tu.koszalin.pl/cgi-bin/koha/opac-detail.pl?biblionumber=53012
_yKatalog online BPK